[Event "Challenge"]
[Site "http://www.queenalice.com/game.php?id=148119"]
[Date "2006.12.30"]
[Round "-"]
[White "spawnwolfwolverine"]
[Black "Zen"]
[Result "1-0"]
[WhiteElo "1709"]
[BlackElo "1711"]

1. d3 e5 2. e3 Nf6 3. c3 d5 4. Nf3 Bd6 5. Be2 e4 6. dxe4 dxe4 7. Nfd2 Bf5 8. O-O
O-O 9. b3 c6 10. Ba3 Bxa3 11. Nxa3 Nbd7 12. Nac4 Qe7 13. a4 b5 14. axb5 cxb5 15.
Na5 b4 16. Nc6 Qc5 17. Nxb4 Qxc3 18. Nc2 Rfc8 19. Rc1 Rd8 20. Nd4 Qa5 21. Nxf5
Qxf5 22. b4 h5 23. Nc4 Ne5 24. Qa4 h4 25. Nxe5 Qxe5 26. f4 Qb2 27. Ba6 Ng4 28.
Rc2 Qf6 29. Re1 Rd6 30. Rc8+ Rd8 31. Rxa8 Rxa8 32. Bb7 Qc3 33. Qd1 Qxb4 34. Bxa8
f5 35. Qd8+ Kh7 36. Qxh4+ Nh6 37. h3 a5 38. g4 a4 39. gxf5 a3 40. Kg2 a2 41. Qf2
Qa5 42. Bxe4 a1=Q 43. Rxa1 Qxa1 44. f6+ Kh8 45. fxg7+ Qxg7+ 46. Qg3 Qb2+ 47. Kf3
Qg7 48. Qxg7+ 1-0

[Event "Challenge"]
[Site "http://www.queenalice.com/game.php?id=149707"]
[Date "2007.1.3"]
[Round "-"]
[White "charles31"]
[Black "Zen"]
[Result "0-1"]
[WhiteElo "1616"]
[BlackElo "1684"]

1. e4 e5 2. Nf3 Nc6 3. Nc3 Nf6 4. Bb5 Bb4 5. Nd5 Nxd5 6. exd5 Nd4 7. Nxd4 exd4
8. Qe2+ Qe7 9. Qxe7+ Bxe7 10. O-O c6 11. Ba4 O-O 12. d3 Bc5 13. Bb3 a5 14. dxc6
dxc6 15. a3 Re8 16. a4 Be6 17. c4 Bf5 18. Bc2 Re2 19. Bd1 Re6 20. Bc2 Bb4 21.
Bf4 Re2 22. Rac1 Rxc2 23. Rxc2 Bxd3 24. Rcc1 Bxf1 25. Kxf1 Re8 26. Rd1 f6 27. b3
g5 28. Bg3 c5 29. f3 Re3 30. Rb1 Re6 31. Rd1 Re3 32. Rb1 f5 33. f4 g4 34. Bf2
Re4 35. g3 Kf7 36. Rb2 d3 37. Rb1 b6 38. Rd1 d2 39. Kg1 Re1+ 40. Bxe1 dxe1=Q+
41. Rxe1 Bxe1 42. Kg2 h5 43. h3 h4 44. gxh4 Bxh4 45. hxg4 fxg4 46. Kf1 Kf6 47.
Ke2 g3 48. Kf3 Kf5 0-1

[Event "Challenge"]
[Site "http://www.queenalice.com/game.php?id=149708"]
[Date "2007.1.3"]
[Round "-"]
[White "Zen"]
[Black "charles31"]
[Result "1-0"]
[WhiteElo "1650"]
[BlackElo "1620"]

1. d4 d5 2. c4 dxc4 3. Nf3 e6 4. Qa4+ Nc6 5. a3 Qd5 6. Nc3 Qa5 7. Qxc4 Bd6 8. e4
e5 9. d5 Nce7 10. Bg5 f6 11. Bd2 Bd7 12. b4 Qb6 13. Be3 Qa6 14. Qxa6 bxa6 15.
Bxa6 Ng6 16. O-O N8e7 17. Bb7 Rb8 18. Ba6 h5 19. Rfc1 f5 20. exf5 Nxf5 21. Bxa7
Ra8 22. Nb5 Bxb5 23. Bxb5+ Kf7 24. Bc5 Rhd8 25. Bc6 Bxc5 26. Bxa8 Rxa8 27. Rxc5
Ra7 28. Rac1 Ke7 29. Rxc7+ Rxc7 30. Rxc7+ Kd6 31. Rc6+ Kxd5 32. Rxg6 e4 33. Ng5
Kc4 34. Nxe4 Kb3 35. b5 1-0

[Event "Challenge"]
[Site "http://www.queenalice.com/game.php?id=150451"]
[Date "2007.1.5"]
[Round "-"]
[White "Zen"]
[Black "Teltz"]
[Result "0-1"]
[WhiteElo "1861"]
[BlackElo "1692"]

1. e4 d6 2. Nc3 e6 3. d4 a6 4. Nf3 h6 5. Bd3 Nd7 6. d5 Nb6 7. Be3 c6 8. Be2 Ne7
9. Qd4 Nd7 10. a3 c5 11. Qc4 e5 12. b4 b5 13. Nxb5 axb5 14. Qc3 cxb4 15. Qxb4
Ng6 16. Qxb5 Ba6 17. Qb3 Bxe2 18. Kxe2 Be7 19. g3 O-O 20. h4 Nc5 21. Qc4 Ra4 22.
Qb5 Rxe4 23. c4 f5 24. Nd2 Rg4 25. Rhg1 Nh8 26. h5 Ne4 27. Qb1 Nc3+ 28. Kf1 Nxb1
29. Rxb1 f4 30. gxf4 Rxg1+ 31. Kxg1 exf4 32. Bb6 Qe8 33. Re1 Rf5 34. Ne4 Qxh5
35. Kf1 Qh1+ 36. Ke2 Qxe4+ 37. Kf1 Qxc4+ 38. Re2 f3 0-1

[Event "Challenge"]
[Site "http://www.queenalice.com/game.php?id=152579"]
[Date "2007.1.11"]
[Round "-"]
[White "outofnothing"]
[Black "Zen"]
[Result "0-1"]
[WhiteElo "1598"]
[BlackElo "1763"]

1. d4 Nf6 2. c4 g6 3. Nc3 Bg7 4. e4 d6 5. Nf3 O-O 6. Be2 e5 7. O-O Nc6 8. Be3
Bg4 9. dxe5 dxe5 10. h3 Bxf3 11. Bxf3 Nd4 12. Bxd4 exd4 13. Nb5 c5 14. e5 Nd7
15. Bxb7 Rb8 16. Be4 a6 17. Na3 Rxb2 18. f4 Bh6 19. g3 Qa5 20. Qd3 Rd2 21. Qf3
Rb8 22. Bd5 Nf8 23. g4 Rbb2 24. g5 Bg7 25. h4 Rg2+ 26. Qxg2 Rxg2+ 27. Kxg2 Qxa3
28. Rfb1 Qc3 29. Rd1 Ne6 30. Bxe6 fxe6 31. Rdc1 Qd2+ 32. Kg3 Qe3+ 33. Kg4 Qf2
34. Rab1 Qg2# 0-1

[Event "Challenge"]
[Site "http://www.queenalice.com/game.php?id=153991"]
[Date "2007.1.14"]
[Round "-"]
[White "junior11"]
[Black "Zen"]
[Result "0-1"]
[WhiteElo "1660"]
[BlackElo "1776"]

1. d4 d5 2. c4 c6 3. Nc3 dxc4 4. e3 Be6 5. Nf3 b5 6. Bd2 Nf6 7. Be2 Bg4 8. Rc1
e6 9. a4 a6 10. b3 b4 11. Na2 c3 12. Bxc3 bxc3 13. Rxc3 Bd6 14. O-O Qc7 15. Ne5
Bxe2 16. Qxe2 Bxe5 17. dxe5 Qxe5 18. Rd1 O-O 19. Rcd3 Ra7 20. Rd8 Nbd7 21. Rxf8+
Kxf8 22. Nb4 Qc3 23. Qc4 Qxc4 24. bxc4 c5 25. Nd3 Rb7 26. Nf4 Rb4 27. Ra1 Rxc4
28. g3 Ne5 29. Kg2 Rc2 30. Rb1 Nfg4 31. Nh3 c4 32. Kf1 Nxh2+ 33. Kg2 Nhg4 34.
Rb8+ Ke7 35. Rb7+ Kf6 36. Nf4 g6 37. Rb6 Rxf2+ 38. Kg1 Nf3+ 39. Kh1 Rh2# 0-1

[Event "Challenge"]
[Site "http://www.queenalice.com/game.php?id=154394"]
[Date "2007.1.15"]
[Round "-"]
[White "Mike36bh"]
[Black "Zen"]
[Result "0-1"]
[WhiteElo "1667"]
[BlackElo "1744"]

1. d4 Nf6 2. Nc3 e6 3. a3 Be7 4. e4 O-O 5. e5 Nd5 6. Nxd5 exd5 7. Qg4 d6 8. Qg3
Bh4 9. Qf4 dxe5 10. dxe5 Be7 11. Nf3 f6 12. h3 fxe5 13. Qxe5 Re8 14. Be2 Bb4+
15. axb4 Rxe5 16. Nxe5 Qe7 17. Nf3 Qxb4+ 18. c3 Qe4 19. b3 b6 20. Ra4 Qc2 21.
Bd2 Qxb3 22. Bd1 Qb1 23. O-O Bd7 24. Rd4 c6 25. Ne5 Qa2 26. Be2 c5 27. Rd3 Bb5
28. c4 Bxc4 29. Nxc4 Qxc4 30. Re3 Qa2 31. Re8+ Kf7 32. Bb5 Qxd2 33. Rfe1 c4 34.
R8e7+ Kg8 35. Re8+ Kf7 36. R1e6 Qb4 37. R8e7+ Qxe7 38. Rxe7+ Kxe7 39. Kf1 Kd6
40. Ke1 Kc5 41. Ba4 a5 42. Kd2 d4 43. f4 c3+ 44. Kd3 Na6 45. f5 Nb4+ 46. Ke4 b5
47. Bb3 a4 48. Be6 c2 0-1

[Event "Challenge"]
[Site "http://www.queenalice.com/game.php?id=157828"]
[Date "2007.1.23"]
[Round "-"]
[White "Zen"]
[Black "spawnwolfwolverine"]
[Result "1/2-1/2"]
[WhiteElo "1765"]
[BlackElo "1738"]

1. d4 d5 2. c4 dxc4 3. e4 b5 4. a4 c6 5. Bf4 e6 6. Ne2 Bb4+ 7. Bd2 Bxd2+ 8. Qxd2
Nf6 9. Ng3 O-O 10. Be2 Ba6 11. O-O Re8 12. Rc1 Nbd7 13. axb5 Bxb5 14. Bxc4 Bxc4
15. Rxc4 e5 16. Rxc6 exd4 17. Qxd4 Nb6 18. Rd6 Qc7 19. Nc3 Rad8 20. Rxd8 Rxd8
21. Rxa7 Rxd4 22. Rxc7 g6 23. f3 Nc4 24. Nge2 Rd2 25. Rxc4 Rxb2 26. Kf2 Rc2 27.
Rc8+ Kg7 28. g4 h5 29. h3 hxg4 30. fxg4 Kh6 31. Kf3 g5 32. Rf8 Kg7 33. Rd8 Nh7
34. Nd5 Rd2 35. Re8 Rd3+ 36. Ne3 f6 37. Ng3 Kf7 38. Rc8 Nf8 39. Rc7+ Ke6 40. Nh5
Nd7 41. Ng7+ Ke7 42. Nf5+ Kd8 43. Rc6 Ne5+ 44. Ke2 Rxe3+ 45. Kxe3 Nxc6 46. h4
gxh4 47. Nxh4 Ke7 48. Kf4 Ke6 49. Ng6 Nd4 50. Nf8+ Kf7 51. Nh7 Kg6 52. e5 Ne6+
53. Ke4 Nc5+ 54. Kf4 1/2-1/2

[Event "Challenge"]
[Site "http://www.queenalice.com/game.php?id=157829"]
[Date "2007.1.23"]
[Round "-"]
[White "spawnwolfwolverine"]
[Black "Zen"]
[Result "0-1"]
[WhiteElo "1707"]
[BlackElo "1719"]

1. e4 e5 2. d3 Nc6 3. Nf3 d5 4. Bg5 Be7 5. Bxe7 Ngxe7 6. exd5 Qxd5 7. c4 Qa5+ 8.
Qd2 Nb4 9. Na3 Bg4 10. Be2 Rd8 11. Nxe5 Bxe2 12. Kxe2 Qxe5+ 13. Qe3 Qxb2+ 14.
Kf3 Rxd3 15. Qxd3 Nxd3 16. Nb5 Qxf2+ 17. Ke4 Nc5+ 18. Ke5 Qf6# 0-1

[Event "Challenge"]
[Site "http://www.queenalice.com/game.php?id=158313"]
[Date "2007.1.24"]
[Round "-"]
[White "Zen"]
[Black "technicaldraw"]
[Result "1-0"]
[WhiteElo "1680"]
[BlackElo "1815"]

1. e4 c6 2. d4 d5 3. Nc3 dxe4 4. Nxe4 Bf5 5. Ng3 Bg6 6. Be2 e6 7. Nf3 Nf6 8. O-O
Bd6 9. Ne5 Nbd7 10. Nxg6 hxg6 11. Qd3 Qc7 12. Be3 O-O-O 13. a3 Nc5 14. Qc4 Nfe4
15. dxc5 1-0

[Event "Challenge"]
[Site "http://www.queenalice.com/game.php?id=163993"]
[Date "2007.2.5"]
[Round "-"]
[White "Mike36bh"]
[Black "Zen"]
[Result "0-1"]
[WhiteElo "1673"]
[BlackElo "1784"]

1. d4 c5 2. dxc5 Qa5+ 3. Nc3 e5 4. Bd2 Bxc5 5. Nd5 Bxf2+ 6. Kxf2 Qxd5 7. Be3
Qxd1 8. Rxd1 Nf6 9. Bc5 Ne4+ 10. Ke1 Nxc5 11. e3 O-O 12. Nf3 Nc6 13. g4 Rd8 14.
h4 d5 15. Rg1 d4 16. exd4 exd4 17. h5 h6 18. Rd2 a6 19. g5 Kh8 20. gxh6 gxh6 21.
Bc4 Rg8 22. Rh1 Rg7 23. a3 Ne4 24. Rh4 Nxd2 25. Kxd2 Rg2+ 26. Be2 Bf5 27. Rf4
Be6 28. b4 Bc4 29. Nxd4 Rd8 30. Ke3 Re8+ 31. Kf3 Bd5+ 0-1

[Event "Challenge"]
[Site "http://www.queenalice.com/game.php?id=164446"]
[Date "2007.2.6"]
[Round "-"]
[White "technicaldraw"]
[Black "Zen"]
[Result "1-0"]
[WhiteElo "2054"]
[BlackElo "1791"]

1. e4 e5 2. Nf3 Nc6 3. Bb5 Nf6 4. O-O Nxe4 5. d4 exd4 6. Re1 d5 7. Qxd4 Be6 8.
Ne5 Bc5 9. Nxc6 O-O 10. Qxc5 Nxc5 11. Nxd8 Rfxd8 12. Bf4 c6 13. Bf1 Bf5 14. Nd2
Ne6 15. Be5 Bxc2 16. Nf3 Re8 17. Nd4 Be4 18. Nxe6 Rxe6 19. Bg3 Rae8 20. f3 Bf5
21. Rxe6 Rxe6 22. Re1 Rxe1 23. Bxe1 h5 24. Kf2 d4 25. Ke2 b6 26. Kd2 c5 27. Bg3
Bb1 28. Bb8 Bxa2 29. Bxa7 c4 30. Bxb6 d3 31. g3 g5 32. Bh3 Kg7 33. Bd4+ f6 34.
Kc3 Kf7 35. Bc8 Bb3 36. Be3 Bd1 37. Kxc4 Be2 38. Kc3 Kg6 39. Bb7 h4 40. Kd2 f5
41. b4 Kh5 42. b5 hxg3 43. hxg3 1-0

[Event "Challenge"]
[Site "http://www.queenalice.com/game.php?id=165850"]
[Date "2007.2.9"]
[Round "-"]
[White "Zen"]
[Black "outofnothing"]
[Result "1-0"]
[WhiteElo "1840"]
[BlackElo "1603"]

1. e4 e5 2. Nf3 Nc6 3. Bb5 a6 4. Ba4 Nf6 5. d3 b5 6. Bb3 d6 7. Bg5 Be7 8. O-O
O-O 9. h3 Na5 10. Nc3 c5 11. Bxf6 Bxf6 12. Bd5 Bb7 13. a3 Nc6 14. Ne2 Qc7 15. c4
Nd4 16. Nexd4 Bxd5 17. Nxb5 axb5 18. cxd5 Qd7 19. b4 g5 20. bxc5 dxc5 21. Qd2 g4
22. hxg4 Qxg4 23. Rfc1 Rfc8 24. Qe3 c4 25. Qb6 Bg5 26. Nxg5 Qxg5 27. Qxb5 cxd3
28. Rxc8+ 1-0

[Event "Challenge"]
[Site "http://www.queenalice.com/game.php?id=169087"]
[Date "2007.2.15"]
[Round "-"]
[White "Zen"]
[Black "technicaldraw"]
[Result "1-0"]
[WhiteElo "1798"]
[BlackElo "2058"]

1. d4 Nf6 2. c4 e6 3. Nf3 Bb4+ 4. Bd2 a5 5. e3 Qe7 6. Bd3 b6 7. e4 Ba6 8. O-O
O-O 9. e5 Ne8 10. Qc2 f5 11. Be3 Nc6 12. a3 1-0

[Event "Challenge"]
[Site "http://www.queenalice.com/game.php?id=169117"]
[Date "2007.2.15"]
[Round "-"]
[White "Zen"]
[Black "Mike36bh"]
[Result "1-0"]
[WhiteElo "1828"]
[BlackElo "1704"]

1. d4 d5 2. c4 dxc4 3. Nf3 h6 4. Qa4+ Bd7 5. Qxc4 b5 6. Qb3 Nf6 7. Ne5 e6 8. e3
a6 9. a4 c6 10. Be2 Bd6 11. Nf3 O-O 12. O-O c5 13. axb5 Qb6 14. dxc5 Bxc5 15.
Nbd2 Nd5 16. bxa6 Bc8 17. Qxb6 Bxb6 18. b4 Nxb4 19. Ba3 Bc5 20. Rfb1 N8xa6 21.
Bxb4 Bxb4 22. Rxb4 Rd8 23. Rba4 Rd6 24. Nc4 Rd8 25. Nb6 Bb7 26. Nxa8 Rxa8 27.
Bxa6 Bxf3 28. gxf3 e5 29. Bc4 Rc8 30. Ra8 Rxa8 31. Rxa8+ Kh7 32. Bxf7 g5 33. Rg8
1-0

[Event "Challenge"]
[Site "http://www.queenalice.com/game.php?id=175088"]
[Date "2007.2.28"]
[Round "-"]
[White "Zen"]
[Black "Pluka"]
[Result "1-0"]
[WhiteElo "1847"]
[BlackElo "1797"]

1. d4 d5 2. c4 e6 3. Nc3 Nf6 4. Bg5 Be7 5. e3 O-O 6. Nf3 Nbd7 7. Rc1 c6 8. Bd3
dxc4 9. Bxc4 b5 10. Bxf6 Nxf6 11. Bb3 Bd6 12. O-O Qc7 13. Nxb5 cxb5 14. Rxc7 1-0

[Event "Challenge"]
[Site "http://www.queenalice.com/game.php?id=175089"]
[Date "2007.2.28"]
[Round "-"]
[White "Zen"]
[Black "crevice"]
[Result "1/2-1/2"]
[WhiteElo "1859"]
[BlackElo "1864"]

1. d4 d5 2. Bf4 Nf6 3. e3 g6 4. Nf3 Bg7 5. Bd3 Nh5 6. Bg5 h6 7. Bh4 g5 8. Ne5
Nf6 9. Bg3 Be6 10. Nc3 Nbd7 11. O-O a6 12. a4 c5 13. dxc5 Nxc5 14. b4 Nxd3 15.
Nxd3 O-O 16. Be5 Qc8 17. Nc5 b6 18. Nxe6 Qxe6 19. Bxf6 Bxf6 20. Ra3 Rfd8 21. Ne2
Rac8 22. a5 b5 23. Rd3 Qc6 24. c3 e6 25. Nd4 Qc4 26. Re1 Qc7 27. Qh5 Kg7 28.
Red1 Qd7 29. Qf3 Bxd4 30. exd4 Qe7 31. Qh5 Qf6 32. Re1 Qg6 33. Qxg6+ Kxg6 34.
Rg3 Rc6 35. Ree3 1/2-1/2

[Event "Challenge"]
[Site "http://www.queenalice.com/game.php?id=178138"]
[Date "2007.3.7"]
[Round "-"]
[White "technicaldraw"]
[Black "Zen"]
[Result "0-1"]
[WhiteElo "1956"]
[BlackElo "1838"]

1. e4 e5 2. Nf3 Nc6 3. Bb5 Nf6 4. O-O Nxe4 5. d4 Be7 6. Qe2 Nd6 7. Bxc6 bxc6 8.
dxe5 Nf5 9. b3 O-O 10. Bb2 d5 11. exd6 cxd6 12. Re1 Re8 13. c4 Bd7 14. Nbd2 Rb8
15. Rad1 Qa5 16. a3 Bf6 17. Ne4 Bxb2 18. Qxb2 c5 19. Nxd6 Rxe1+ 20. Rxe1 Nxd6
21. Qe5 Re8 0-1

[Event "Challenge"]
[Site "http://www.queenalice.com/game.php?id=181374"]
[Date "2007.3.13"]
[Round "-"]
[White "Zen"]
[Black "Malpaso"]
[Result "0-1"]
[WhiteElo "1850"]
[BlackElo "2009"]

1. d4 Nf6 2. c4 d5 3. Nc3 e6 4. cxd5 exd5 5. Bf4 Be7 6. Qa4+ c6 7. Bxb8 Rxb8 8.
Qxa7 Bf5 9. e3 O-O 10. Nf3 Ne4 11. Bd3 Qc7 12. Na4 Bb4+ 13. Ke2 Ra8 14. Qb6 Qe7
15. Nc5 Nxc5 16. Qxb4 Bxd3+ 17. Kd1 b6 18. dxc5 bxc5 19. Qd2 c4 20. a3 Rfb8 21.
Nd4 Qd6 22. h3 c5 23. Ne2 Qf6 24. Nc3 d4 25. exd4 cxd4 26. Nd5 Qe5 27. Nf4 Rb3
0-1

[Event "Challenge"]
[Site "http://www.queenalice.com/game.php?id=181375"]
[Date "2007.3.13"]
[Round "-"]
[White "Zen"]
[Black "Matru"]
[Result "1-0"]
[WhiteElo "1860"]
[BlackElo "1907"]

1. d4 d5 2. c4 Nf6 3. e3 c6 4. cxd5 cxd5 5. Nc3 Bf5 6. Bb5+ Nc6 7. Nf3 a6 8.
Bxc6+ bxc6 9. Ne5 Qc7 10. O-O e6 11. Qa4 Bd6 12. Qxc6+ Qxc6 13. Nxc6 O-O 14. Bd2
Rfc8 15. Na5 Rab8 16. Nb3 a5 17. Rac1 Bb4 18. Rfe1 Kf8 19. f3 Rc7 20. Na4 Rc2
21. Red1 Rbc8 22. Rxc2 Bxc2 23. Rc1 Rc4 24. Bxb4+ axb4 25. Nd2 Bxa4 26. Nxc4
dxc4 27. Rxc4 Nd5 28. Rc8+ Ke7 29. Rb8 Nxe3 30. Rxb4 Bc6 31. a4 Kd6 32. a5 Kd5
33. a6 Nc2 34. Rb7 Nxd4 35. Rxf7 1-0

[Event "Challenge"]
[Site "http://www.queenalice.com/game.php?id=191619"]
[Date "2007.4.4"]
[Round "-"]
[White "Zen"]
[Black "bibicari"]
[Result "0-1"]
[WhiteElo "1862"]
[BlackElo "1958"]

1. d4 e6 2. c4 f5 3. e3 Nf6 4. Bd3 c6 5. Nf3 d5 6. O-O Bd6 7. c5 Bc7 8. Nc3 O-O
9. Bd2 b6 10. b4 Ba6 11. Bxa6 Nxa6 12. Qa4 Qc8 13. a3 Qb7 14. Qc2 Rac8 15. Ra2
Bb8 16. Re1 Ne4 17. Rb2 b5 18. a4 Nxc3 19. Bxc3 Nc7 20. Ra1 bxa4 21. Qxa4 Nb5
22. Rc2 f4 23. Bd2 fxe3 24. Bxe3 Rxf3 0-1